Normal view
MARC view
Entry Personal Name
001 - CONTROL NUMBER
- control field: 48462
003 - CONTROL NUMBER IDENTIFIER
- control field: OSt
005 - DATE AND TIME OF LATEST TRANSACTION
- control field: 20160324165747.0
008 - FIXED-LENGTH DATA ELEMENTS
- fixed length control field: 160324|| aca||aabn | a|a d
040 ## - CATALOGING SOURCE
- Original cataloging agency: OSt
- Transcribing agency: OSt
100 ## - HEADING--PERSONAL NAME
- Personal name: पा वेंकटाचारी
670 ## - SOURCE DATA FOUND
- Source citation: Work cat.: (OSt)10381: पा वेंकटाचारी, भारत के बारह आकवार









